नागरी लिपि / (Record no. 111933)

MARC details
000 -LEADER
fixed length control field 01093nam a22002657a 4500
005 - DATE AND TIME OF LATEST TRANSACTION
control field 20170124102931.0
010 ## - LIBRARY OF CONGRESS CONTROL NUMBER
LC control number B-036645
020 ## - INTERNATIONAL STANDARD BOOK NUMBER
Terms of availability 250.00
035 ## - SYSTEM CONTROL NUMBER
System control number B-036645
037 ## - SOURCE OF ACQUISITION
Source of stock number/acquisition Cen Lib/Ret
040 ## - CATALOGING SOURCE
Original cataloging agency DPL
Language of cataloging HN
082 ## - DEWEY DECIMAL CLASSIFICATION NUMBER
Classification number 420.9
Item number मिश्रन
100 ## - MAIN ENTRY--PERSONAL NAME
Personal name मिश्र, नरेश
9 (RLIN) 2125
245 ## - TITLE STATEMENT
Title नागरी लिपि /
Statement of responsibility, etc नरेश मिश्र
246 ## - VARYING FORM OF TITLE
Title proper/short title Naagri lipi /
Remainder of title by Naresh Mishra
260 ## - PUBLICATION, DISTRIBUTION, ETC. (IMPRINT)
Name of publisher, distributor, etc मोनू प्रकाशन
Place of publication, distribution, etc दिल्ली
Date of publication, distribution, etc 1999
270 ## - ADDRESS
Address 1/3566, गली न. 4, त्यागी कॉलोनी, रामनगर, शाहदरा
City दिल्ली
Postal code 110053
300 ## - PHYSICAL DESCRIPTION
Extent 210पृ.
Dimensions 20सेमी (सजिल्द)
500 ## - GENERAL NOTE
General note अनुक्रमाणिका शामिल
650 ## - SUBJECT ADDED ENTRY--TOPICAL TERM
Topical term or geographic name as entry element लिपि -- विकास
9 (RLIN) 34
650 ## - SUBJECT ADDED ENTRY--TOPICAL TERM
Topical term or geographic name as entry element भाषा में लिपि परंपरा
9 (RLIN) 45133
650 ## - SUBJECT ADDED ENTRY--TOPICAL TERM
Topical term or geographic name as entry element Script - Development
9 (RLIN) 45134
650 ## - SUBJECT ADDED ENTRY--TOPICAL TERM
Topical term or geographic name as entry element Language script tradition
9 (RLIN) 45135
942 ## - ADDED ENTRY ELEMENTS (KOHA)
Source of classification or shelving scheme Dewey Decimal Classification
Koha item type Hindi Books
Classification part 420.9
Call number suffix मिश्रन
Holdings
Withdrawn status Lost status Damaged status Not for loan Home library Current library Date acquired Source of acquisition Cost, normal purchase price Total Checkouts Full call number Barcode Date last seen Date checked out Copy number Cost, replacement price Price effective from Koha item type
        Central Library Central Library 06/08/2015 Cen Lib/Ret 250.00 1 420.9 मिश्रन B-036645 19/03/2018 23/02/2018 1 250.00 06/08/2015 Hindi Books

© Delhi Public Library
Hit Counter
free hit counter